000
00233 a2200097 4500
001
31570
100
_a
Safdar Mahmood
245
_a
International Affairs
260
_a
Lahore
_b
Jang Group of Publication
_c
2000
090
_c
21425
_d
21425
942
_a
NUST-CAE
_c
M
_c
12698
999
_c
266643
_d
266643